1783 1446 1864 1585 1199 1854 1734 1516 1217 1750 1718 1018 1013 1605 1780 1182 1302 1292 1690 1529 1902 1615 1057 1082 1038 1875 1466 1792 1224 1202 1665 1567 1012 1132 1738 1592 1044 1274 1338 1377 1188 1132 1144 1135 1321 1373 1721 1954 1800 1435 1747 1175 1234 1893 1806 1949 1521 1650 1005 1034 1121 1313 1348 1575 1352 1685 1038 1890 1309 1845 1052 1109 1876 1240 1544 1208 1683 1507 1788 1178 1093 1238 1723 1404 1912 1146 1042 1538 1015 1800 1052 1224 1529 1766 1814 1457 1808 1038 1824 BCNSPRNW ULIB Ver.6.0+V

เปลี่ยนเป็นภาษาไทย

Change to English
 แสดงรายละเอียดบรรณานุกรม
  กลับหน้าหลัก

Brief Record : Get Marc (ISO 2709) : E-mail record : QR code < ปิดหน้าต่าง
LEADER : 00000nam 2200000uu 4500
001    13399109573
003     ULIB
008    110405s||||||||th 000 0 tha d
020    9786165150620
050  4 BQ5630.A6^bพ355l 2550
100 0  พระไพศาล วิสาโล,^d2500-
245 10 สติ มรรคา แห่งสันติ /^cพระไพศาล วิสาโล
260    กรุงเทพฯ :^bเนชั่นบุ๊คส์,^c2553
300    151หน้า :^bภาพประกอบ ;^c21 ซม.
650  7 ธรรมะกับชีวิตประจำวัน
945    ^p125^l0^i18116
995    เกษร
999 ^a ใช้งานได้ทุกระบบ
รายการนี้ยังไม่มีแท็ก
คุณยังไม่ได้ล็อกอิน คุณสามารถมีกิจกรรมร่วมกับเว็บไซต์ได้ แต่ต้องล็อกอินก่อน ::
  ล็อกอิน

รายการสื่อสารสนเทศ

ลำดับที่ ประเภท เลขเรียก/บาร์โค้ด สถานที่ สถานะ
1. วิทยาศาสตร์การแพทย์ และสุขภาพ
วิทยาศาสตร์การแพทย์ และสุขภาพ
BQ5630.A6 พ355l 2550 ฉ.1 
  Barcode: 18116
ห้องสมุดวิทยาเขตสวรรค์ประชารักษ์
►หนังสือทั่วไป
บนชั้น

รายการใกล้เคียง
    หัวเรื่อง [ธรรมะกับชีวิตประจำวัน]

BibComment


ยังไม่เคยถูกคอมเมนท์

คอมเมนท์ทรัพยากรรายการนี้
  คอมเมนท์: สติ มรรคา แห่งสัน..


 Copyright 2026. Bcnsprnw @Library